Statistics for Country Nicknames

Click here to take the quiz!

General Stats

  • This quiz has been taken 182 times
    (137 since last reset)
  • The average score is 5 of 6

Answer Stats

NicknameCountry% Correct
HollandNetherlands
98%
BurmaMyanmar
93%
Ivory CoastCôte d'Ivoire
80%
East TimorTimor-Leste
76%
Republic of ChinaTaiwan
75%
Cape VerdeCabo Verde
60%

Score Distribution

Percentile by Number Answered

Percent of People with Each Score

Your Score History

You have not taken this quiz since the last reset